| 000 | 00632nam a2200181 i 4500 | ||
|---|---|---|---|
| 001 | 34955 | ||
| 003 | ES-MaACL | ||
| 005 | 20230906155027.0 | ||
| 007 | t| | ||
| 008 | 030211s1971 sp ||||1| spa d | ||
| 100 | 1 |
_aBorràs, Maria Lluïsa. _9146592 |
|
| 245 | 1 | 0 |
_aDomenech i Montaner _b: arquitecto del modernismo / _c[texto y fotos, María Lluisa borras ; selección y secuencias, Joan Prats Vallés]. |
| 260 |
_aBarcelona : _bPolígrafa, _c[1971] |
||
| 300 |
_a82 p., 4 h. pleg., 2 plan., 244 lám. ; _c21 cm. |
||
| 500 | _aEd. multilingüe. | ||
| 700 | 1 |
_aPrats Vallès, Joan. _993709 |
|
| 852 |
_aES-MaACL _jC-42408 _bR.79803 |
||
| 999 |
_c34955 _d34955 |
||